| 000 | 003580000a22001330004500 | ||
|---|---|---|---|
| 050 | 4 | _aCD 032 | |
| 245 | 1 | 0 | _aEl pastor frente a los desafíos de hoy / Les Thompson, Antonio Cruz |
| 260 | _aMedellín : [S.N.] | ||
| 001 | 13601 | ||
| 942 | _cBK | ||
| 999 |
_c42558 _d42558 |
||
| 336 |
_atexto _btxt _2rdacontent |
||
| 337 |
_2rdamedia _asin mediación _bn |
||
| 338 |
_2rdacarrier _avolumen _bnc |
||